Policy Review
Na minha lista:
| Formato: | Periódico |
|---|---|
| Idioma: | inglês |
| Publicado em: |
Stanford
Stanford University
|
| Assuntos: | |
| Tags: |
Sem tags, seja o primeiro a adicionar uma tag!
|
MARC
| LEADER | 00000nas1a22000001 4500 | ||
|---|---|---|---|
| 001 | s120248 | ||
| 005 | 20230417104147.5 | ||
| 022 | |a 0146-5945 | ||
| 022 | |a 2169-6802 | ||
| 041 | 0 | |a eng | |
| 044 | |a US | ||
| 245 | 1 | 0 | |a Policy Review |
| 264 | 1 | |a Stanford |b Stanford University | |
| 610 | 2 | 0 | |a politika vnútorná |